Statistics for Colours in Spanish

Click here to take the quiz!

General Stats

  • This quiz has been taken 24 times
  • The average score is 9 of 11

Answer Stats

EnglishEspañol% Correct
WhiteBlanco
100%
BlackNegro
100%
RedRojo
96%
GreenVerde
91%
YellowAmarillo
87%
BlueAzul
87%
OrangeNaranja
78%
PinkRosa
70%
GreyGris
65%
BrownMarrón
65%
PurpleMorado
30%

Score Distribution

Percentile by Number Answered

Percent of People with Each Score

Your Score History

You have not taken this quiz